|
|
|
|
| LEADER |
00995cam a2200265 7i4500 |
| 001 |
0000077274 |
| 005 |
20230414090000.0 |
| 020 |
|
|
|a 9789834371081 (paperback)
|
| 090 |
0 |
0 |
|a HG8719
|b .E57 2008
|
| 100 |
0 |
|
|a Engku Rabiah Adawiah Engku Ali
|
| 245 |
1 |
0 |
|a Essential guide to takaful (Islamic insurance)
|c Dr. Engku Rabiah Adawiah Engku Ali, Hassan Scott P. Odierno, Azman Ismail.
|
| 264 |
|
|
|a Kuala Lumpur:
|b CERT Publications,
|c 2008.
|
| 300 |
|
|
|a 251 pages;
|c 23 cm.
|
| 336 |
|
|
|a text
|2 rdacontent
|
| 337 |
|
|
|a unmediated
|2 rdamedia
|
| 338 |
|
|
|a volume
|2 rdacarrier
|
| 500 |
|
|
|a Gift: Prof. Dr. Md Sidin bin Ahmad Ishak
|
| 650 |
|
0 |
|a Insurance --
|z Islamic countries
|
| 650 |
|
0 |
|a Insurance --
|x Religious aspects --
|x Islam
|
| 650 |
|
0 |
|a Insurance law (Islamic law)
|
| 700 |
1 |
|
|a Odierno, Hassan Scott P.
|
| 700 |
0 |
|
|a Azman Ismail
|
| 997 |
|
|
|a Business & Accountancy, Faculty
|
| 998 |
|
|
|a Business Administration, Degree
|
| 999 |
|
|
|a 0000070636
|b BOK
|c OPEN SHELF
|e 1st Floor, Bestari Jaya
|